| 000 | 00545nam a2200217Ia 4500 | ||
|---|---|---|---|
| 003 | OSt | ||
| 005 | 20220928144842.0 | ||
| 006 | a|||||r|||| 00| 0 | ||
| 007 | ta | ||
| 008 | 220927b |||||||| |||| 00| 0 eng d | ||
| 024 | _a76406 | ||
| 037 | _cTextual | ||
| 040 |
_aSDCL _cSDCL _beng |
||
| 041 |
_2eng _aeng |
||
| 082 | _aS1:4, M2 | ||
| 100 |
_aDe Gelder Beatrice Ed. _9509949 |
||
| 245 | 0 | _aKnowledge and representation. | |
| 260 | _c1982 | ||
| 942 |
_hS1:4, M2 _cTEXL _2CC |
||
| 999 |
_c829949 _d829949 |
||